000 00899cam a22002891 4500
001 15580
003 BD-RjUL
005 20211208235840.0
008 140210s1961 njua b 001 0 eng
035 _a(BD-RjUL)15635
035 _a(OCoLC)245158
040 _aDLC
_cODaWU
_dOCoLC
_dDLC
_dBD-RjUL
_beng
041 _aeng
082 _a658.3
_bBEP 1961
100 1 _aBellows, Roger M.
_948366
245 1 0 _aPsychology of personnel in business and industry /
_cRoger M. Bellows
250 _a3d ed.
260 _aEnglewood Cliffs, N.J. :
_bPrentice-Hall,
_cc1961, 1949
300 _avi, 474 p. :
_bill. ;
_c24 cm.
490 0 _aPrentice-Hall industrial relations and personnel series
504 _aIncludes bibliography and index.
650 0 _aPersonnel management.
_948367
650 0 _aPsychology, Industrial.
_93670
942 _2ddc
_cBK
999 _c15580
_d15580